Beiheft A - Wirtschaftsanalysen (Record no. 5939)

MARC details
000 -LEADER
fixed length control field 00861nam a22002177i 4500
001 - CONTROL NUMBER
control field 6344
003 - CONTROL NUMBER IDENTIFIER
control field OSt
005 - DATE AND TIME OF LATEST TRANSACTION
control field 20181119112251.0
007 - PHYSICAL DESCRIPTION FIXED FIELD--GENERAL INFORMATION
fixed length control field tu
008 - FIXED-LENGTH DATA ELEMENTS--GENERAL INFORMATION
fixed length control field 161220s xxu||||| |||| 00| 0 d
024 7# - OTHER STANDARD IDENTIFIER
Standard number or code 6344
Source of number or code RID
024 7# - OTHER STANDARD IDENTIFIER
Standard number or code 6344
Source of number or code RSN (alt)
040 ## - CATALOGING SOURCE
Transcribing agency OSt
110 2# - MAIN ENTRY--CORPORATE NAME
Corporate name or jurisdiction name as entry element Europäische Kommission - Generaldirektion Wirtschaft und Finanzen
245 00 - TITLE STATEMENT
Title Beiheft A - Wirtschaftsanalysen
260 ## - PUBLICATION, DISTRIBUTION, ETC.
Place of publication, distribution, etc. Luxembourg :
Name of publisher, distributor, etc. Europäische Gemeinschaften.
490 ## - SERIES STATEMENT
Series statement Europäische Wirtschaft
International Standard Serial Number 0379-2048
866 #0 - TEXTUAL HOLDINGS--BASIC BIBLIOGRAPHIC UNIT
-- 1992/8 - 2001/12 (unvollstñdig)
866 #0 - TEXTUAL HOLDINGS--BASIC BIBLIOGRAPHIC UNIT
-- bis 1994/6 Beiheft A - Konjunkturtendezen<br><br>Bestñde unvollstñdig<br><br>vorhanden:<br>1992/8-12<br>1993/1-12<br>1994/1-7, 10-12<br>1995/1-11<br>1996/1-12<br>1997/1-12<br>1998/1-12<br>1999/1-11<br>2000/1-12<br>2001/1-12<br><br>fehlend:<br>1994/8-9<br>1995/12<br>1999/12
942 ## - ADDED ENTRY ELEMENTS (KOHA)
Koha item type Paper
Holdings
Withdrawn status Lost status Damaged status Not for loan Home library Current library Shelving location Date acquired Inventory number Total Checkouts Barcode Date last seen Price effective from Koha item type
        WIIW WIIW Library 08/04/2004 6344   10001837 01/26/2017 01/26/2017 Paper
The Vienna Instiute for International Economic Studies (wiiw)